<?xml version="1.0" encoding="UTF-8"?><?xml-stylesheet type="text/xsl" href="static/style.xsl"?><OAI-PMH xmlns="http://www.openarchives.org/OAI/2.0/" xmlns:xsi="http://www.w3.org/2001/XMLSchema-instance" xsi:schemaLocation="http://www.openarchives.org/OAI/2.0/ http://www.openarchives.org/OAI/2.0/OAI-PMH.xsd"><responseDate>2026-06-07T16:54:00Z</responseDate><request verb="GetRecord" identifier="oai:docta.ucm.es:20.500.14352/125617" metadataPrefix="marc">https://docta.ucm.es/rest/oai/request</request><GetRecord><record><header><identifier>oai:docta.ucm.es:20.500.14352/125617</identifier><datestamp>2025-11-04T00:57:38Z</datestamp><setSpec>com_20.500.14352_14</setSpec><setSpec>col_20.500.14352_15</setSpec></header><metadata><record xmlns="http://www.loc.gov/MARC21/slim" xmlns:dcterms="http://purl.org/dc/terms/" xmlns:xsi="http://www.w3.org/2001/XMLSchema-instance" xmlns:doc="http://www.lyncode.com/xoai" xsi:schemaLocation="http://www.loc.gov/MARC21/slim http://www.loc.gov/standards/marcxml/schema/MARC21slim.xsd">
   <leader>00925njm 22002777a 4500</leader>
   <datafield ind2=" " ind1=" " tag="042">
      <subfield code="a">dc</subfield>
   </datafield>
   <datafield ind2=" " ind1=" " tag="720">
      <subfield code="a">Águeda Maté, Vicente Ismael</subfield>
      <subfield code="e">author</subfield>
   </datafield>
   <datafield ind2=" " ind1=" " tag="720">
      <subfield code="a">Larriba Martínez, Marcos</subfield>
      <subfield code="e">author</subfield>
   </datafield>
   <datafield ind2=" " ind1=" " tag="720">
      <subfield code="a">Martín Martínez, María</subfield>
      <subfield code="e">author</subfield>
   </datafield>
   <datafield ind2=" " ind1=" " tag="720">
      <subfield code="a">Huber-Benito, Diego</subfield>
      <subfield code="e">author</subfield>
   </datafield>
   <datafield ind2=" " ind1=" " tag="720">
      <subfield code="a">García, Juan</subfield>
      <subfield code="e">author</subfield>
   </datafield>
   <datafield ind2=" " ind1=" " tag="260">
      <subfield code="c">2024-07-23</subfield>
   </datafield>
   <datafield ind2=" " ind1=" " tag="520">
      <subfield code="a">Sewage sludge-based catalysts have been used for the first time for the catalytic wet air oxidation (CWAO) of prednisone, a glucocorticoid pharmaceutical pollutant present in various aquatic environmental matrices. This research focuses on transforming dry sludge into carbonaceous catalysts through pyrolysis and post-treatment. Various parameters have been considered for the synthesis, finding that pyrolysis temperature and acid washing are determinant for specific surface area development. The sewage sludge derived catalysts exhibit high catalytic activity in the CWAO of prednisone (Dcat= 0.3 g⋅L-1, T= 100 ◦C, P= 15 bar). The development of porosity enhances their catalytic properties, the C-750-N catalysts demonstrated the highest activity for prednisone with 66 % TOC reduction, initial reaction rate 0.0092 mg⋅s-1 and 66 % CO2 selectivity. The study provides valuable insights into the synthesis, characterization, and application of sewage sludge-derived catalysts, offering a sustainable solution for wastewater treatment and pharmaceutical pollutant removal. Our present study indicates that catalysts with unique reforming properties may be potentially applicable for prednisone treatment and industrial applications.</subfield>
   </datafield>
   <datafield ind1="8" ind2=" " tag="024">
      <subfield code="a">Diego Huber-Benito, Maria Martin-Martinez, Marcos Larriba, Ismael Agueda, Juan García, Enhanced prednisone removal by catalytic wet air oxidation using sewage sludge derived catalyst, Process Safety and Environmental Protection, Volume 190, Part B, 2024, Pages 475-485, ISSN 0957-5820, https://doi.org/10.1016/j.psep.2024.07.099. (https://www.sciencedirect.com/science/article/pii/S0957582024009467)</subfield>
   </datafield>
   <datafield ind1="8" ind2=" " tag="024">
      <subfield code="a">10.1016/j.psep.2024.07.099</subfield>
   </datafield>
   <datafield ind1="8" ind2=" " tag="024">
      <subfield code="a">https://hdl.handle.net/20.500.14352/125617</subfield>
   </datafield>
   <datafield ind1="8" ind2=" " tag="024">
      <subfield code="a">https://doi.org/10.1016/j.psep.2024.07.099</subfield>
   </datafield>
   <datafield ind1="8" ind2=" " tag="024">
      <subfield code="a">https://www.sciencedirect.com/science/article/pii/S0957582024009467</subfield>
   </datafield>
   <datafield ind2="0" ind1="0" tag="245">
      <subfield code="a">Enhanced prednisone removal by catalytic wet air oxidation using sewage sludge derived catalyst</subfield>
   </datafield>
</record></metadata></record></GetRecord></OAI-PMH>